A course module for science, technology, and society / Eden Joy Pastor Alata, Mark Joseph Tumada Calano, Greg Tabios Pawilen. (Record no. 20975)

000 -LEADER
fixed length control field 00643nam a22001817a 4500
020 ## - INTERNATIONAL STANDARD BOOK NUMBER
ISBN 9786210429459
082 ## - DEWEY DECIMAL CLASSIFICATION NUMBER
Classification number 500
Item number Al3239 2021
100 ## - MAIN ENTRY--AUTHOR NAME
Personal name Alata, Eden Joy Pastor, author.
245 ## - TITLE STATEMENT
Title A course module for science, technology, and society / Eden Joy Pastor Alata, Mark Joseph Tumada Calano, Greg Tabios Pawilen.
260 ## - PUBLICATION, DISTRIBUTION, ETC. (IMPRINT)
Place of publication Manila :
Name of publisher Rex Book Store,
Year of publication ©2021.
300 ## - PHYSICAL DESCRIPTION
Number of Pages vi, 191 pages ;
Other physical details 26 cm.
500 ## - GENERAL NOTE
General note Includes bibliographical references and index.
650 ## - SUBJECT ADDED ENTRY--TOPICAL TERM
Topical Term Science -- Social aspects.
650 ## - SUBJECT ADDED ENTRY--TOPICAL TERM
Topical Term Technology -- Social aspects.
700 ## - ADDED ENTRY--PERSONAL NAME
Personal name Calano, Mark Joseph T.
700 ## - ADDED ENTRY--PERSONAL NAME
Personal name Pawilen, Greg T.
942 ## - ADDED ENTRY ELEMENTS (KOHA)
Koha item type Books
Holdings
Source of acquisition Permanent Location Date acquired Koha item type Collection code Accession Number Lost status Shelving location Withdrawn status Current Location Full call number
SchoolCagayan State University - Carig Library2025-05-29BooksPure Sciences010848 General Collection Cagayan State University - Carig Library500 Al3239 2021
SchoolCagayan State University - Carig Library2025-05-29BooksPure Sciences010849 General Collection Cagayan State University - Carig Library500 Al3239 2021
SchoolCagayan State University - Carig Library2025-05-29BooksPure Sciences010850 General Collection Cagayan State University - Carig Library500 Al3239 2021

Cagayan State University University Library, Carig Campus
Tuguegarao City, Cagayan 3500 | www.csucarig.edu.ph

Powered by Koha